000 00418nam a2200145Ia 4500
008 230917s9999||||xx |||||||||||||| ||und||
040 _e169785
_aMAIN
041 _aEnglish
082 _a891.432741 HG225S
100 _aहरिजीत, जि जे
245 0 _aसम्ववामि युगे युगे
260 _aदिल्ली
_bवाणी
_c1980
300 _a80 पृ. p.
942 _cHN
999 _c213727
_d213727